Zotavenie eurozóny alebo len falošné signály
Na prekonanie recesie v účtovnej bilancii eurozóna potrebuje vyčistiť svoje banky, znížiť drvivý previs napospol súkromných dlhov, napraviť obrovský nedostatok investícií, odstrániť prekážky podnikaniu a popasovať sa s deflačným vplyvom.
Na minha lista:
| Autor principal: | |
|---|---|
| Formato: | Capítulo de Livro |
| Idioma: | eslovaco |
| Assuntos: | |
| Tags: |
Sem tags, seja o primeiro a adicionar uma tag!
|
MARC
| LEADER | 00000naa a2200000 4500 | ||
|---|---|---|---|
| 001 | 0200808 | ||
| 005 | 20220725111738.5 | ||
| 041 | 0 | |a slo | |
| 044 | |a SK | ||
| 245 | 1 | 0 | |a Zotavenie eurozóny alebo len falošné signály |c Philippe Legrain |
| 520 | |a Na prekonanie recesie v účtovnej bilancii eurozóna potrebuje vyčistiť svoje banky, znížiť drvivý previs napospol súkromných dlhov, napraviť obrovský nedostatok investícií, odstrániť prekážky podnikaniu a popasovať sa s deflačným vplyvom. | ||
| 610 | 2 | 0 | |a eurozóna |
| 610 | 2 | 0 | |a situácia hospodárska |
| 610 | 2 | 0 | |a trh kapitálový |
| 610 | 2 | 0 | |a dlhy verejné |
| 610 | 2 | 0 | |a Európska centrálna banka |
| 610 | 2 | 0 | |a deflácia |
| 610 | 2 | 0 | |a inflácia |
| 610 | 2 | 0 | |a recesia |
| 100 | 1 | |a Legrain, Philippe | |